000 00560nam a2200193Ia 4500
003 GCL
008 140319s9999 xx 000 0 ara d
040 _aGCL /
_cGCL
082 0 4 _a348.04
_bح ق
100 1 _aحسن الجداوى
245 1 0 _aقضايا تاريخية ومرافعات /
_cحسن الجداوى
300 _a295 ص
490 _aاحكام القضاء واحكام القدر
_v0
650 0 4 _aقانون المرافعات
650 0 4 _aالمحامون
650 0 4 _aالمحاكم
650 0 4 _aالقضايا
942 _2ddc
_cBK
999 _c50136
_d50136